[Event "EU-Cup 31st"]
[Site "Skopje"]
[Date "2015.10.22"]
[Round "5.1"]
[White "Romanov, Evgeny"]
[Black "Bajarani, Ulvi"]
[Result "1/2-1/2"]
[WhiteElo "2573"]
[BlackElo "2546"]
[Annotator "Meulders,R"]
[PlyCount "73"]
[EventDate "2015.10.18"]
[EventType "team-swiss"]
[EventRounds "7"]
[EventCountry "MKD"]
[SourceTitle "CBM 169"]
[Source "ChessBase"]
[SourceDate "2015.11.10"]
[SourceVersion "1"]
[SourceVersionDate "2015.11.10"]
[SourceQuality "1"]
[WhiteTeam "Vaalerenga"]
[BlackTeam "Odlar Yurdu"]
[WhiteTeamCountry "NOR"]
[BlackTeamCountry "AZE"]

1. d4 f5 2. c4 Nf6 3. Nc3 g6 4. h4 d6 5. h5 Nxh5 6. e4 {The real test of the
pawn sacrifice on h5 is the logical continuation Rxh5.} Nf6 (6... fxe4 7. g4
Nf6 8. g5 Nfd7 9. Bg2 (9. Nxe4 Bg7 10. Ne2 c6 11. Nf4 Nf8 12. Be3 Qa5+ 13. Bd2
Qc7 14. Qe2 Bxd4 15. O-O-O Kf7 (15... Be5 $15) 16. Bh3 $11 {0-1 (40) Piket,J 
(2470)-Malaniuk,V (2515) Lvov 1988}) 9... Bg7 10. Bxe4 Nf8 11. Be3 Nc6 12. d5
Ne5 13. f4 Nf7 14. Qc2 Bd7 15. Nf3 c5 16. dxc6 Bxc6 17. Nd4 Bxe4 18. Qxe4 Qd7
19. Nd5 $14 {½-½ (111) Grishchenko,S (2489)-Potapov,P (2468) Moscow 2012}) 7.
Bd3 Nc6 8. exf5 Bxf5 9. Bxf5 gxf5 10. Bg5 Bg7 11. Bxf6 (11. d5 Ne5 12. Nf3
Nxf3+ 13. Qxf3 Qd7 14. O-O-O h6 15. Bh4 O-O 16. Rde1 Ne4 17. Nxe4 fxe4 18. Qxe4
Qa4 19. Kb1 b5 20. c5 dxc5 21. Qxa4 bxa4 {1/2-1/2 (21) Kryakvin,D (2458)
-Lastin,A (2585) Belorechensk 2005}) 11... Bxf6 12. Qh5+ Kd7 13. Qxf5+ e6 14.
Rxh7+ Rxh7 15. Qxh7+ Qe7 16. Qxe7+ Kxe7 17. d5 Na5 (17... Bxc3+ 18. bxc3 Ne5
19. dxe6 Nxc4 20. f4 Rg8 21. Kf2 Kxe6 22. Ne2 c5 $11) 18. Rc1 Nxc4 19. Nb5 ({
An interesting try is} 19. Nce2 $5 {after which Black is more or less forced
to sacrifice a knight:} exd5 20. b3 b5 21. Nf3 Kd7 22. bxc4 dxc4 23. Kd2 c5 24.
Nf4 Kc6 25. Rh1 Rf8 26. Rh5 b4 27. Kc2 Re8 28. Rf5 Bc3 $11) 19... c6 {This
leads to a fairly straightforward draw.} 20. Rxc4 (20. dxc6 bxc6 21. Rxc4 cxb5
22. Rc7+ Ke8 23. Ne2 Bxb2 24. Nf4 e5 25. Ne6 d5 26. Rh7 Rc8 27. Rxa7 d4 28.
Nc7+ Kd7 29. Nxb5+ Ke6 30. a4 e4 31. Rc7 Bc3+ 32. Kd1 Rxc7 33. Nxc7+ Ke5 34.
Nb5 Bb4 35. f3 exf3 36. gxf3 $11) 20... exd5 21. Rc2 (21. Rb4 cxb5 22. Rxb5 b6
23. Ne2 Rc8 24. Nf4 Kd7 25. Nxd5 Kc6 26. a4 Re8+ 27. Kd2 Bxb2 28. Nxb6 Bd4 29.
Nd5 Bxf2 $11) 21... cxb5 22. Rc7+ Ke6 23. Rxb7 a6 24. b3 Rc8 25. Kd2 Bd4 26.
Nh3 Be5 27. f4 Bc3+ 28. Kd1 Bf6 29. g4 Rh8 30. Nf2 Bd4 31. Nd3 Rh1+ 32. Ke2
Rh2+ 33. Kf3 Rh3+ 34. Ke2 Rh2+ 35. Kf3 Rh3+ 36. Ke2 Rh2+ 37. Kf3 ({Black has
to repeat moves since grabbing the pawn on a2 is a very bad idea:} 37. Kf3 Rxa2
$2 38. f5+ Kf6 39. Rd7 Be5 40. Nxe5 Kxe5 41. Re7+ Kf6 42. Re6+ Kf7 43. g5 $18)
1/2-1/2

[Event "EU-Cup 31st"]
[Site "Skopje"]
[Date "2015.10.18"]
[Round "1.4"]
[White "Mamedyarov, Shakhriyar"]
[Black "Koykka, Pekka"]
[Result "1-0"]
[WhiteElo "2736"]
[BlackElo "2316"]
[Annotator "Meulders,R"]
[PlyCount "49"]
[EventDate "2015.10.18"]
[EventType "team-swiss"]
[EventRounds "7"]
[EventCountry "MKD"]
[SourceTitle "CBM 169"]
[Source "ChessBase"]
[SourceDate "2015.11.10"]
[SourceVersion "1"]
[SourceVersionDate "2015.11.10"]
[SourceQuality "1"]
[WhiteTeam "Socar"]
[BlackTeam "Tammer Shakki"]
[WhiteTeamCountry "AZE"]
[BlackTeamCountry "FIN"]

1. d4 f5 2. c4 Nf6 3. Nc3 g6 4. h4 {This early aggressive move seems
excellently suited against weaker opposition. There is very little theory and
few practical examples of master games, so that the better player has an
advantage.} d6 5. h5 Nxh5 6. Rxh5 $5 {This immediate exchange sacrifice is
more consistent than e.g. 6.e4} gxh5 7. e4 {The threat of Qxh5 means that
there are only two moves to choose from.} Be6 (7... Qd7 $5 {looks even more
complicated. Again it'll be the superior player who will best find his way in
the complications. Still, it looks as if Black has a better way of freeing his
game here than in the lines with ...Be6.} 8. Nh3 Kd8 9. e5 (9. Ng5 Qe8 10. Be2
h6 $1 $17) 9... Qe8 (9... h6 10. Qxh5 Qe8 11. Qf3 Nc6 12. Be3 dxe5 13. dxe5 Bd7
14. O-O-O Kc8 15. Nf4 e6 (15... Nxe5 16. Qd5 Bg7 17. Ne6 c6 18. Nxg7 cxd5 19.
Nxe8 Rxe8 20. cxd5 Ng4 21. Bd4 a6 22. f3 Nf6 $15)) 10. Be2 h6 11. Nf4 (11. Bxh5
Qc6 $15) 11... h4 $11 (11... Qf7 12. Qa4 Qg8 13. Bxh5 Bd7 14. Qb3 Kc8 15. Be3
e6 16. O-O-O a5 17. Bf3 Nc6 18. d5 Nxe5 19. dxe6 Bc6 $11)) 8. Be2 Kd7 (8...
fxe4 $2 9. Bxh5+ Kd7 10. d5 Bf5 11. Bg4 $18) ({At a high level} 8... Bf7 {
was used by Judit Polgar against Topalov in a rapid game. Black was successful
after a number of inaccuracies and an ultimate blunder by Topalov.} 9. Bxh5
Bxh5 10. Qxh5+ Kd7 11. Nf3 Qe8 (11... Bg7 12. Qxf5+ e6 13. Qh3 Na6 14. Be3 $14
Qf6) 12. Qh3 $6 (12. Qxf5+ e6 13. Qb5+ Kd8 14. Qxb7 Qc6 15. Qb3 $16) 12... Bg7
13. exf5 Bf6 14. Bh6 Nc6 15. O-O-O Qf7 16. b3 a5 17. a4 (17. g4) 17... Rag8 18.
g4 Kd8 19. Nd5 (19. Ne4 b6 20. Nfg5 Bxg5+ 21. Nxg5 Rxg5 22. Bxg5 h5 23. f4 Rh7
24. Re1 hxg4 25. Qxg4 Qh5 26. Qxh5 Rxh5 27. d5 Nb4 28. Bxe7+ Kd7 29. Kd2 Rxf5
30. Bg5 Rf7 $16) 19... e6 20. fxe6 Qxe6 21. Re1 Qf7 22. Re4 Nb4 23. Nxb4 axb4
24. Bd2 Qg6 $15 25. Rf4 Be7 26. g5 Rf8 27. Nh4 Qh5 28. Qg3 Rxf4 29. Bxf4 Rf8
30. Nf3 $4 (30. Ng2 {is better but equally losing.} Qe2 31. d5 Rf7 32. Ne3 Qe1+
) 30... Qf7 31. g6 Qxf4+ 32. Qxf4 Rxf4 {0-1 (32) Topalov,V (2786)-Polgar,J 
(2686) Mexico City 2010}) (8... Bg7 9. Bxh5+ Kd7 10. d5 Bg8 11. exf5 Qf8 12.
Bg4 (12. Qc2 Kd8 13. Be3 Nd7 14. O-O-O Ne5 15. b3 $14) 12... Bf6 13. Nge2 Na6 (
13... Kc8 $5 14. Be3 Nd7 15. Nf4 b6 16. Bh3 Kb7 17. Qa4 Qe8 18. Qc6+ Kb8 19.
Nb5 Qc8 20. Nd4 Ne5 21. Qa4 Bf7 $11) 14. Be3 $14 Bf7 15. Ne4 Rg8 16. Bh3 Kc8
17. Qd2 Be8 18. Rc1 c5 (18... b6 19. b4 Kb7 20. c5 $16) 19. Nf4 Bd7 20. Ne6 Qf7
(20... Bxe6 21. dxe6 Qg7 22. Kf1 $16) 21. a3 b6 22. b4 Nc7 $2 (22... Rb8 $16)
23. bxc5 bxc5 24. Nxc7 $18 Kxc7 25. Qa5+ Kc8 26. Nxc5 a6 27. Nxa6 Rxa6 28.
Qxa6+ Kd8 29. Bb6+ {1-0 (29) Radjabov,T (2729)-Vallejo Pons,F (2679) Monte
Carlo 2007}) 9. Nh3 Bg7 (9... fxe4 $5 10. Nf4 Bf5 11. g4 hxg4 12. Bxg4 e6 13.
Bxf5 exf5 14. Qh5 Kc8 15. Ne6 Qd7 16. Qxf5 Be7 17. d5 Rg8 18. Ke2 Rg1 19. b3 e3
20. Kxe3 Na6 21. Bb2 Rxa1 22. Bxa1 b6 23. Nb5 Bd8 (23... Kb7 24. Nbxc7 Rf8 25.
Qxh7 Bg5+ 26. Nxg5 Qxc7 $14) 24. Nbd4 Kb7 25. Nc6 Bh4 $11) 10. Nf4 Qg8 (10...
Bf7 11. exf5 Nc6 12. d5 Bxc3+ 13. bxc3 Ne5 14. c5 Kc8) 11. d5 Bf7 12. exf5 Kc8
({If White can manoeuvre both his knights to a central position, this more or
less paralyses Black's game, so it seems like a good idea to get rid of one.
Unfortunately, with his king in the open and facing the two bishops, Black has
a difficult defence, e.g.} 12... Bxc3+ 13. bxc3 Qg7 14. Kf1 Rg8 15. Be3 c5 16.
dxc6+ Nxc6 17. Rb1 Rab8 18. c5 Qxc3 19. cxd6 exd6 20. Bxh5 Bxa2 21. Rc1 Bc4+
22. Kg1 Qb3 23. Qf3 Ne5 24. Qe4 Bd3 25. Nxd3 Qxd3 26. Qa4+ Nc6 27. Bf3 $16) 13.
Kf1 Nd7 14. Be3 Be5 15. Ne6 Nf6 16. c5 {Black is seriously behind in
development - with the rook on a8 especially as a mere bystander - he has no
real active chances and his king is very insecure. So it's small wonder
White's attack almost plays itself.} Ng4 (16... dxc5 17. Bxc5 Bxe6 18. dxe6 Qg7
19. Qa4 c6 20. Bf3 Kb8 21. Nb5 $1 a6 22. Nd4 Rc8 23. Nxc6+ bxc6 24. Bxc6 $18)
17. Bd4 Bxe6 (17... Kb8 18. Bxe5 Nxe5 19. Ne4 a5 {The only attempt to free Ra8.
} 20. cxd6 cxd6 21. Rc1 Ra7 22. Qd4 a4 23. Nc7 Nd7 24. Qb4 Qd8 25. Nxd6 exd6
26. Qxd6 Nb6 27. Qf4 Qd7 28. Bb5 $18) 18. dxe6 Qg7 19. Bxe5 Qxe5 20. Bxg4 hxg4
21. cxd6 Qxf5 (21... cxd6 22. Nd5 $16 Kb8 23. Qd3 Rf8 (23... Qxb2 $2 24. Rb1
$18) 24. Nxe7 $18) 22. Qd4 $18 Qf6 23. Qxg4 exd6 (23... cxd6 24. Nd5 $18) 24.
e7+ Kb8 25. Qd7 1-0

[Event "Linares Anibal op 07th"]
[Site "Linares"]
[Date "2000.01.14"]
[Round "8"]
[White "Halkias, Stelios"]
[Black "Sharma, Dinesh Kumar"]
[Result "1-0"]
[WhiteElo "2406"]
[BlackElo "2327"]
[Annotator "Meulders,R"]
[PlyCount "63"]
[EventDate "2000.01.07"]
[EventType "swiss"]
[EventRounds "10"]
[EventCountry "ESP"]
[SourceTitle "CBM 075"]
[Source "ChessBase"]
[SourceDate "2000.04.05"]
[SourceVersion "1"]
[SourceVersionDate "2000.04.05"]
[SourceQuality "1"]

1. d4 d5 2. c4 e6 3. Nf3 c6 4. e3 f5 5. Nc3 Nf6 6. h3 Bd6 7. g4 O-O 8. gxf5
exf5 9. Qb3 Kh8 10. Bd2 dxc4 11. Bxc4 b5 12. Bd3 Qe7 13. Ng5 a5 14. h4 Na6 15.
Rc1 Bd7 16. Kf1 Nb4 17. Bb1 h6 18. Re1 a4 $17 19. Qd1 Kg8 20. e4 fxe4 21. Ncxe4
Nxe4 22. Rxe4 Qf6 23. Qe2 hxg5 $2 {Schwarz hätte die h-Linie nie öffnen dürfen.
} (23... Bf5 24. Bxb4 Bxb4 25. Rf4 Rae8 26. Qd1 g6 $19) (23... Nd5 24. Nh7 Qf3
25. Kg1 Qxe2 26. Rxe2 Rf5 $1 $19) 24. hxg5 Qf5 (24... Qf3 $2 25. Rh8+ $1 Kxh8
26. Rh4+ Kg8 27. Bh7+ Kh8 28. Be4+ Kg8 29. Bxf3 $18) 25. Kg2 $1 (25. Bxb4 $1
Bxb4 26. a3 Qd5 27. Rh8+ Kxh8 28. Rh4+ Kg8 29. Bh7+ Kf7 30. Rf4+ $18) 25... Qd5
26. Qh5 Bf5 (26... Rf5 $5 27. Qh8+ Kf7 28. Qxa8 Rxg5+ 29. Bxg5 Qxg5+ 30. Kf3
Nd5 31. Qb7 Bc7 32. Reh4 Qf6+ 33. Ke2 Nf4+ 34. Kf1 Qxd4 $13) 27. f3 Rfb8 28. g6
Kf8 29. Qh8+ Qg8 30. Qxg8+ Kxg8 31. Reh4 Kf8 32. Bxf5 1-0

[Event "EU-chT (Men) 20th"]
[Site "Reykjavik"]
[Date "2015.11.17"]
[Round "5.2"]
[White "Fressinet, Laurent"]
[Black "Anton Guijarro, David"]
[Result "1/2-1/2"]
[WhiteElo "2712"]
[BlackElo "2630"]
[Annotator "Meulders,R"]
[PlyCount "71"]
[EventDate "2015.11.13"]
[EventType "team-swiss"]
[EventRounds "9"]
[EventCountry "ISL"]
[SourceTitle "CBM 170"]
[Source "ChessBase"]
[SourceDate "2016.01.15"]
[SourceVersion "1"]
[SourceVersionDate "2016.01.15"]
[SourceQuality "1"]
[WhiteTeam "France"]
[BlackTeam "Spain"]
[WhiteTeamCountry "FRA"]
[BlackTeamCountry "ESP"]
[WhiteClock "0:10:13"]
[BlackClock "0:07:31"]

1. d4 f5 2. Nf3 Nf6 3. c4 g6 4. Nc3 Bg7 5. Bf4 O-O 6. e3 d6 7. Be2 {Several
moves have been played in this position, with ...c6 being the most popular.
Black now chooses a kind of Benoni-Dutch, however.} c5 $5 8. dxc5 (8. O-O Nh5
9. d5 Nd7 10. h3 Nxf4 11. exf4 Qa5 12. Qc2 Nb6 13. Rac1 $11) 8... dxc5 9. Qxd8
$6 {This can't be the way to play for an advantage.} (9. O-O Qxd1 10. Rfxd1 Nc6
$11) (9. Ne5 Nbd7 10. O-O Nxe5 11. Bxe5 Qxd1 12. Rfxd1 Ne4 13. Bxg7 Kxg7 14.
Nd5 $14) 9... Rxd8 10. Ne5 Ne4 11. Nxe4 fxe4 12. O-O Bf5 (12... Rd2 13. Rad1
Rd6 (13... Rxe2 $4 14. Rd8+ Bf8 15. Bh6)) 13. Rad1 Na6 {The knight will be out
of the play for quite some time here, so centralisation might have been the
better option.} (13... Nd7 14. Nxd7 Rxd7 15. Rxd7 Bxd7 16. Rd1 Bc6 17. b3 Bf6
$11) 14. a3 g5 15. Bg3 Rd6 16. f4 Bxe5 17. fxe5 Rxd1 18. Rxd1 Kf7 19. e6+ $5 (
19. h4 h6 20. b3 Ke6 21. hxg5 hxg5 22. Rd5 b6 23. Be1 Nc7 24. Rd1 Rc8 (24...
Kxe5 $4 25. g4 Bc8 $8 26. Bg3+ Ke6 27. Bxc7 $18) 25. Bc3 $11) 19... Bxe6 20.
Bh5+ Kg7 21. Be5+ Kh6 22. Be2 Rc8 {Of course Black wants to get the knight
back into the game without locking up his rook.} 23. Kf2 Nb8 24. h4 Nd7 25.
hxg5+ Kxg5 26. Bf4+ Kg6 27. g4 h6 28. Kg3 Rh8 29. b4 b6 30. b5 Nf6 31. Rh1 Ne8
{This looks like an invitation to go for a draw by repetition of moves and
White obliges:} 32. Be5 Rg8 33. Bf4 Rh8 34. Be5 Rg8 35. Bf4 Rh8 36. Be5 1/2-1/2

[Event "Gibraltar Masters 14th"]
[Site "Caleta"]
[Date "2016.02.04"]
[Round "10"]
[White "Lalith, Babu MR"]
[Black "Rapport, Richard"]
[Result "0-1"]
[WhiteElo "2553"]
[BlackElo "2721"]
[Annotator "Meulders,R"]
[PlyCount "94"]
[EventDate "2016.01.26"]
[EventType "swiss"]
[EventRounds "10"]
[EventCountry "GGB"]
[SourceTitle "CBM 171"]
[Source "ChessBase"]
[SourceDate "2016.03.14"]
[SourceVersion "2"]
[SourceVersionDate "2016.03.14"]
[SourceQuality "1"]

1. d4 f5 2. Nf3 Nf6 3. c4 g6 4. Nc3 Bg7 5. Bf4 c5 (5... d6 6. e3 O-O 7. Be2 Nc6
8. Bg3 (8. O-O Ne4 $1 9. h3 e5 10. Bh2 exd4 11. exd4 Ng5 $1 12. Nxg5 Qxg5 13.
f4 Qf6 14. d5 Nd4 15. Kh1 c5 $1 16. Bd3 $11 Bd7 17. Bg1 Rae8 18. Qd2 a6 19.
Rad1 Rb8 20. a4 Qd8 $1 21. Rb1 Qa5 22. Qd1 Qb4 23. Bf2 Rbe8 24. Be1 Qb3 25.
Qxb3 Nxb3 26. Bc2 $17 {1/2-1/2 (40) Aronian,L (2813)-Carlsen,M (2862) Saint
Louis 2013 CBM 157}) 8... e6 9. O-O h6 10. Rc1 Nh5 11. d5 Nxg3 12. hxg3 Ne7 13.
dxe6 Bxe6 14. Qb3 Rb8 15. Qa3 a6 16. Rfd1 Bf7 17. Nd5 Re8 18. Rc2 c5 19. Nc3
Qc7 20. b3 Red8 21. Ne1 Nc6 $11 {½-½ (60) Aronian,L (2803)-Ponomariov,R 
(2731) Beijing 2013}) 6. e3 Ne4 7. Rc1 Nc6 8. Be2 d6 9. d5 Nxc3 10. bxc3 e5 11.
dxe6 Bxe6 12. Qxd6 Qxd6 13. Bxd6 b6 $11 14. Ng5 Bg8 {This is a crucial
position. Although he is a pawn down, Black has a very fine game. His bishops
are more active than White's, the knight is ready to swing to a5 attacking the
weak pawn on c4 and it just needs castling queenside to finish most of his
development.} 15. Bf3 O-O-O $1 $15 16. Bxc6 (16. Bg3 Ne5 17. Bxe5 Bxe5 $15)
16... Rxd6 17. Bd5 (17. Bb5 $2 Kb7 $1 {intending ...a6, with a distinct
advantage:} 18. Be8 Bf6 19. h4 (19. Nf7 $2 Re6 20. h4 Kc8 21. Nxh8 Rxe8 22. h5
g5 23. Ng6 Bxc4 24. a4 Rg8 $19) 19... a6 20. f4 Bxc4 21. Bf7 Bb5 22. h5 h6 23.
c4 Bc6 24. Nf3 g5 $17) 17... Bxd5 18. cxd5 Rxd5 $15 19. c4 $1 {Of course White
can't allow Black to put his c-pawn there. The text move fixes the black
queenside pawns on squares of the colour of the black bishop and makes it more
difficult for them to advance. Black's advantage is only tiny.} Rd3 (19... Rd7
{is not better to keep the small advantage of the better pawn structure,
active bishop, better development.} 20. Rd1 Rxd1+ 21. Kxd1 Bf6 22. h4 h6 23.
Nf3 Re8 24. g3 Kc7 25. Kc2 a6 26. a4 $11) 20. Ke2 Ra3 21. Rc2 Re8 $5 (21... Bf6
22. h4 h5 $11) 22. Rd1 (22. Nxh7 f4 23. Ng5 fxe3 24. f4 Bd4 25. h4 Rh8 26. Nf3
$11) 22... Re7 23. Nxh7 f4 24. Rd3 Rxd3 25. Kxd3 fxe3 26. f3 (26. fxe3 $4 Bh6
$19 27. Nf6 Rxe3+ 28. Kd2 Re6+) 26... b5 27. Ng5 (27. cxb5 e2 28. Rxe2 c4+ 29.
Kd2 Bh6+) 27... b4 $1 (27... bxc4+ 28. Ke2 c3 29. Ne4 Bd4 30. Nxc3 $11) 28. Re2
Bd4 {Heading for d5.} 29. Nh3 a5 (29... Rf7 $1 $15) 30. Nf4 $11 a4 31. Nd5 $2 (
31. Nxg6 $1 Rb7 32. Kc2 $1 b3+ 33. Kb1 $1 $11) 31... Re6 (31... Rb7 $1 $17) 32.
Kc2 (32. Nxb4 {doesn't work} cxb4 33. Kxd4 a3 34. f4 b3 35. axb3 Ra6 36. Rxe3
a2 37. Re1 a1=Q+ 38. Rxa1 Rxa1 $19) 32... Rd6 (32... Ra6 $1) 33. Kd3 (33. h4
Kd7 34. g4 Rxd5 35. cxd5 Kd6 36. Kd3 Kxd5 37. Rc2 a3 38. h5 gxh5 39. gxh5 b3
40. axb3 Bb2 41. Rc4 a2 42. Ra4 a1=Q 43. Rxa1 Bxa1 44. Kxe3 Bb2 45. Kd3 Bd4 46.
h6 Bf6 47. h7 Bg7 48. Ke3 Bh8 49. Kd3 Be5) 33... Kd8 34. h4 Rd7 {I think Black
is waiting for White to further weaken his position. Black has an advantage,
but the win is far from clear-cut.} 35. g4 $2 ({The passive} 35. Kc2 {was
preferable.} Rb7 36. Kb1 b3 37. Re1 $17) 35... Rb7 36. Kc2 b3+ 37. Kb1 Rh7 $1
$19 {Now the rook enters the game decisively from the other side.} 38. Rh2 e2
$1 39. Rxe2 Rxh4 $19 40. axb3 axb3 41. Re1 Rh2 {An ideal position for Black:
passed pawn, rook on the 7th rank, strong central position of the bishop.
White is helpless.} 42. Nf4 Bc3 43. Rd1+ Ke8 44. Nd5 Bh8 45. g5 Rb2+ 46. Kc1
Ra2 47. Ne3 (47. Nf6+ Bxf6 48. gxf6 Ra1+ 49. Kd2 b2 $19) 47... Bc3 $1 {White
can only postpone mate for a few moves by giving up all his pieces.} 0-1

[Event "EU-Cup 29th"]
[Site "Rhodes"]
[Date "2013.10.25"]
[Round "6.1"]
[White "Kovacs, Gabor H"]
[Black "Miralles, Gilles"]
[Result "1-0"]
[WhiteElo "2459"]
[BlackElo "2472"]
[Annotator "Meulders,R"]
[PlyCount "69"]
[EventDate "2013.10.20"]
[EventType "team-swiss"]
[EventRounds "7"]
[EventCountry "GRE"]
[SourceTitle "EXT 2020"]
[Source "ChessBase"]
[SourceDate "2019.10.17"]
[SourceVersion "1"]
[SourceVersionDate "2019.10.17"]
[SourceQuality "1"]
[WhiteTeam "Szombathely"]
[BlackTeam "Geneve"]
[WhiteTeamCountry "HUN"]
[BlackTeamCountry "SUI"]

1. d4 f5 2. c4 Nf6 3. Nc3 {This white set-up, very rare at top level, is
directly aimed at combatting the Leningrad Dutch with an early h4. Of course
Black can opt for the Classical Dutch with ...e6.} g6 4. h4 Bg7 (4... d6 5. h5
Nxh5 6. Rxh5 gxh5 7. e4 Bg7 $1 (7... Be6 $2 8. Be2 Bf7 (8... Bg7 9. Bxh5+ Kd7
10. d5 Bg8 11. exf5 Qf8 12. Bg4 Bf6 13. Nge2 Na6 14. Be3 Bf7 15. Ne4 Rg8 16.
Bh3 $16 {1-0 (29) Radjabov,T (2729)-Vallejo Pons,F (2679) Monte Carlo 2007}) 9.
Bxh5 Bxh5 10. Qxh5+ Kd7 11. Nf3 Bg7 (11... Qe8 12. Qh3 $2 (12. Qxf5+ e6 13.
Qb5+ Kd8 14. Qxb7 Qc6 15. Qb3 $18) 12... Bg7 13. exf5 Bf6 14. Bh6 Nc6 15. O-O-O
Qf7 16. b3 a5 17. a4 Rag8 18. g4 Kd8 19. Nd5 $2 (19. Ne4 $1 $18) 19... e6 20.
fxe6 Qxe6 $11 {0-1 (32) Topalov,V (2786)-Polgar,J (2686) Mexico City 2010}) (
11... Kc8 12. Ng5 Qd7 13. Ne6 $1 Nc6 14. exf5 Nd8 15. Be3 b6 16. Nd5 c6 17.
Ndc7 Rb8 18. O-O-O $16) 12. Qxf5+ e6 13. Qh3 Qe8 14. d5 Na6 15. Ne2 Nc5 16. Nf4
$16) 8. Qxh5+ Kf8 9. Bh6 e6 10. exf5 Qf6 11. Bxg7+ Kxg7 12. Bd3 Nc6 13. Ne4
Qxf5 14. Qh4 Nxd4 15. O-O-O e5 16. Qe7+ Qf7 17. Qg5+ Qg6 18. Qe7+ Qf7 19. Qg5+
Qg6 20. Qe7+ {1/2-1/2 (20) Shimanov,A (2599)-Smirin,I (2638) St Petersburg 2012
}) 5. h5 Nxh5 6. e4 O-O $2 ({With} 6... d6 7. Rxh5 gxh5 8. Qxh5+ Kf8 {Black
could transpose to Shimanov-Smirin.}) 7. exf5 d6 8. fxg6 hxg6 9. Be3 $6 (9. Nf3
$1 Nc6 10. Bd3 $1 Nxd4 11. Bxg6 Nxf3+ 12. gxf3 Bxc3+ 13. bxc3 Nf4 14. Qc2 $18)
9... Nc6 10. Nh3 $6 (10. Nf3) 10... e5 11. d5 Nd4 {Because of White's timid
play, Black has obtained equal chances.} 12. Bd3 Qe8 13. Ng5 Nf4 14. Be4 Bf5 $6
(14... Qe7 15. Nh7 Rf7 16. g3 Bf5 17. Kd2 Bh8 18. gxf4 Rxh7 19. Rxh7 Qxh7 20.
fxe5 Bxe5 21. Bxd4 Bxd4 22. Bxf5 gxf5 23. Qf3 Bxc3+ 24. Kxc3 Kf7 25. Rh1 Qg6
26. Rh5 Kf6 27. Qh3 Ke5 28. Qh4 $18) 15. Rh2 $2 (15. g3 $1 $16 Nh5 16. Bxf5
Nxf5 17. Nce4 $16) 15... Qe7 $13 16. Nf3 $2 Bxe4 (16... c5 17. Kf1 Bxe4 18.
Nxe4 b5) 17. Nxe4 Nxg2+ 18. Rxg2 Nxf3+ 19. Ke2 Qh4 $17 20. Kd3 Qh5 21. Qh1 Qf5
22. Rg3 b5 (22... c6 23. Qh3 cxd5 24. cxd5 Qf7 25. Ke2 Nd4+ 26. Bxd4 exd4 27.
Rh1 Rfe8 28. Qh7+ Kf8 29. Rh4 d3+ 30. Rxd3 Bf6 31. Qxf7+ Kxf7 32. Rf3 Kg7 33.
Rxf6 Rxe4+ 34. Rxe4 Kxf6 35. Re6+ Kf5 36. Rxd6) 23. cxb5 a6 24. b6 cxb6 25. Rc1
Qf7 26. Ke2 Nd4+ 27. Ke1 Rac8 (27... Nf3+ 28. Ke2 Nd4+ 29. Bxd4 exd4 30. Kd1
Be5 31. f4 $1 Bxf4 32. Rc7 $1 Qxc7 33. Rxg6+ Qg7 34. Rxg7+ Kxg7 35. Qg2+ Kh7
36. Qh3+ Kg6 37. Qg4+ Kh7 38. Qd7+ Kg6 39. Qe6+ Kh5 40. Nf6+ Rxf6 41. Qxf6 Be5
42. Qf7+ Kg4 43. Qb7 $16) 28. Rc3 Qf5 (28... Rxc3 29. bxc3 Nc2+ 30. Ke2 Nxe3
31. fxe3 Qc7 32. Rxg6 Qc4+ 33. Ke1 Qd3 34. Rxg7+ Kxg7 35. Qg2+ Kh7 36. Qh2+ Kg6
37. Qg2+ Kh6 $11) 29. Kd2 Nb5 $4 (29... Rxc3 30. bxc3 Nf3+ 31. Kd3 b5 32. Bg5
a5 33. Ke3 Nxg5 34. Rxg5 Qf7 35. Ke2 b4 36. c4 Qa7 37. Qh3 Qd4 38. Qe6+ Kh8 39.
Qh3+ Kg8 40. Qe6+ $11) 30. Ng5 $18 Rf6 31. Qh7+ Kf8 32. Rf3 Nxc3 33. Rxf5 Nb1+
34. Kd1 gxf5 35. Ne6+ 1-0